| 000 | 02091cam a22004574i 4500 | ||
|---|---|---|---|
| 003 | PE-LiUPU | ||
| 005 | 20250731173123.0 | ||
| 008 | 150623s1975 nyua rb 000 0 eng d | ||
| 020 | _a0060649534 | ||
| 035 | _a(Sirsi) i9780060649531 | ||
| 040 |
_aPE-LiUPU _bspa _cPE-LiUPU _erda |
||
| 049 | _aPRUA | ||
| 082 | 0 | 4 |
_a270.9 _bS29H _221 |
| 100 | 1 |
_aScott Latourette, Kenneth, _eautor. |
|
| 245 | 1 | 2 |
_aA history of christianity. _n2 / _cKenneth Scott Latourette. |
| 264 | 1 |
_aNew York : _bHarper Collins Publishers, _c1975. |
|
| 300 |
_a1552 páginas : _bilustraciones ; _c20 centímetros |
||
| 336 |
_atext _2rdacontent |
||
| 337 |
_aunmediated _2rdamedia |
||
| 338 |
_avolume _2rdacarrier |
||
| 504 | _aIncluye bibliografía. | ||
| 505 | 0 | _aThe pre - christian course of mankind -- Jesus an the gospel -- The first five hundred years: christianity wins the roman empire and takes shape -- The darkest hours: The great recession -- Four centuries of resurgence and advance -- Geographic loss and internal lassitude, confusion, and corruption, partly offeset by vigorous life -- Reform and expansion -- Repudiation and revival -- The great century: Growing repudiation paralleled by abounding vitality and unprecendented expansion -- Vigour amidst storm -- Ingreasing disestablishment, increasing diversity growth and vitality. | |
| 526 | _aSEG42 | ||
| 526 | _aSEG41 | ||
| 526 | _aSEG40 | ||
| 526 | _aSEG39 | ||
| 526 | _aP94 | ||
| 526 | _aP87 | ||
| 526 | _aP86 | ||
| 526 | _aP85 | ||
| 526 | _aP77 | ||
| 526 | _aP76 | ||
| 526 | _aP35 | ||
| 650 | 1 | 4 |
_aIglesia _xHistoria _y1500 d.C. - 1975 d.C. |
| 942 |
_2ddc _cBOOK |
||
| 949 |
_a270.9 S29H 2 _wDEWEY _c1 _i51042 _lCCODEBUL1 _mBUL _p10.00 _r0 _sY _tBOOK _u2015-6-24 _xTEOLOGIA _PP35 _0COMPRA _o.STAFF. Colección General |
||
| 994 |
_aC0 _bPEPRU |
||
| 596 | _a1 | ||
| 999 |
_a270.9 S29H 2 _wDEWEY _c32731 _i51042 _d32731 _f2021-11-11 _g5 _lCCODEBUL1 _mBUL _p10.00 _q1 _r0 _sY _tBOOK _u2015-6-24 _xTEOLOGIA _PP35 _0COMPRA _o.STAFF. Colección Teología |
||
| 980 |
_81 _gALBERTO SANCHEZ Responsable de Automatización |
||